00494 2200157 4500245007000000020002200070250001000092100002800102005001900130260002600149041001400175084001100189500008800200490003900288336000900327 aPUSTAKA PENGETAHUAN AL-QURAN VOL.5cMUHAMMAD AS-SYYID YUSUFhText a978-979-16368-0-3 aCet.1 aMUHAMMAD AS-SYYID YUSUF a20240826115012 aJakartabDAR AS-SALAM aIndonesia a297.04 aDaftar isi : hubungan pemimpin dan rakyat, kesalehan pemimpin, dasar utama khilafah aPUSTAKA PENGETAHUAN AL-QURAN VOL.5 atext